| 000 | 00432nab a2200145Ia 4500 | ||
|---|---|---|---|
| 003 | ES-SlBCS | ||
| 005 | 20210601133731.0 | ||
| 008 | 140529s2004 xxu||||| |||| 00| 0 por d | ||
| 041 | _apor | ||
| 100 | 1 |
_aChacon, Vamireh _9208891 |
|
| 245 | 0 | 2 |
_aA invençao da América Latina _c Vamireh Chacon |
| 651 | 4 |
_aAmérica Latina-Invención _9208892 |
|
| 773 | 0 |
_tEconomia e Sociologia _gnº. 78, 2004, págs. 101-108 _wRev1533 |
|
| 942 | _cAR | ||
| 999 |
_c601268 _d601268 |
||